Regionálna analýza mzdového vývoja v SR bakalárska práca

Salvato in:
Dettagli Bibliografici
Autore principale: Zermegh, Ján
Ente Autore: Fakulta hospodárskej informatiky EU. Katedra štatistiky
Altri autori: Sušienková, Katarína, 1967-
Natura: Libro
Lingua:slovacco
Pubblicazione: Bratislava 2012
Tags: Aggiungi Tag
Nessun Tag, puoi essere il primo ad aggiungerne!!

MARC

LEADER 00000nbm a2200000 4500
001 0156342
005 20161109111954.4
041 0 |a slo 
044 |a SK 
245 1 0 |a Regionálna analýza mzdového vývoja v SR  |b bakalárska práca  |c Ján Zermegh ; školiteľ: Katarína Sušienková 
264 1 |a Bratislava  |c 2012 
300 |a 48 s. 
100 1 |a Zermegh, Ján 
700 1 |a Sušienková, Katarína, 1967- 
710 2 |a Fakulta hospodárskej informatiky EU. Katedra štatistiky